| 000 | 00615nam a22001937a 4500 | ||
|---|---|---|---|
| 003 | ASAB | ||
| 005 | 20180827062826.0 | ||
| 008 | 180504t xxu||||| |||| 00| 0 eng d | ||
| 040 | _cASAB | ||
| 082 | _aThesis 2010 MA | ||
| 100 |
_aMuhammad Arshad-sup-Dr. Ishtiaq Qadri _93763 |
||
| 245 |
_aTH-MS-Detection and Cloning of Coat Protein (CO) Gene Of Begomoviruses _cMuhammad Arshad-sup-Dr. Ishtiaq Qadri |
||
| 250 | _a2010 | ||
| 260 |
_aIslamabad _bASAB (NCVI) NUST _c2010 |
||
| 300 |
_axiv, 60 p _c30 cm |
||
| 630 |
_aVirology and Immunology _93764 |
||
| 630 |
_aHealthcare Biotechnology _93765 |
||
| 942 |
_2ddc _cTH |
||
| 999 |
_c480781 _d480781 |
||